|
|
|
|
| LEADER |
01444nam a2200313 a 4500 |
| 001 |
12127 |
| 003 |
BD-DhAAL |
| 008 |
110519s1997 cau 001 0 eng d |
| 010 |
|
|
|a 97161887
|
| 020 |
|
|
|a 0078823110
|
| 020 |
|
|
|a 9780078823114
|
| 040 |
|
|
|a DLC
|c DLC
|d DLC
|d BD-DhAAL
|
| 082 |
0 |
0 |
|a 005.133
|2 21
|
| 100 |
1 |
|
|a Schildt, Herbert.
|9 50248
|
| 245 |
1 |
0 |
|a Teach yourself C /
|c Herbert Schildt.
|
| 250 |
|
|
|a Third edition
|
| 260 |
|
|
|a Berkeley :
|b Osborne McGraw-Hill,
|c c1997.
|
| 300 |
|
|
|a xiii, 640 pages ;
|c 23 cm.
|
| 500 |
|
|
|a Includes index.
|
| 526 |
|
|
|a EEE
|
| 541 |
|
|
|a Development Book Agency
|e 12127, 39243, 39244
|
| 650 |
|
0 |
|a C (Computer program language).
|9 50249
|
| 650 |
|
0 |
|a Computer science.
|9 50250
|
| 852 |
4 |
|
|a Ayesha Abed Library
|c General Stacks
|
| 942 |
|
|
|2 ddc
|c BK
|
| 999 |
|
|
|c 10882
|d 10882
|
| 952 |
|
|
|0 0
|1 0
|2 ddc
|4 0
|6 005_133000000000000_SCH
|7 0
|9 16605
|a BRACUL
|b BRACUL
|c GEN
|d 2011-05-22
|g 1510.00
|l 26
|m 267
|o 005.133 SCH
|p 3010012127
|q 2026-05-20
|r 2026-05-13
|s 2026-05-13
|t 1
|w 2011-05-22
|y BK
|x $17.99
|
| 952 |
|
|
|0 0
|1 0
|2 ddc
|4 0
|6 005_133000000000000_SCH
|7 0
|9 71194
|a BRACUL
|b BRACUL
|c GEN
|d 2022-07-06
|e Development Book Agency
|g 3000.00
|l 9
|m 142
|o 005.133 SCH
|p 3010039244
|r 2026-04-19
|s 2026-02-05
|t 3
|v 3000.00
|w 2022-07-06
|y BK
|
| 952 |
|
|
|0 0
|1 0
|2 ddc
|4 0
|6 005_133000000000000_SCH
|7 0
|9 71195
|a BRACUL
|b BRACUL
|c GEN
|d 2022-07-06
|e Development Book Agency
|g 3000.00
|l 13
|m 114
|o 005.133 SCH
|p 3010039243
|r 2026-03-03
|s 2025-10-09
|t 2
|v 3000.00
|w 2022-07-06
|y BK
|